[Event "Carlos Torre Memorial op 32nd"]
[Site "Merida"]
[Date "2022.12.20"]
[Round "7"]
[White "Arribas Robaina, Maritza"]
[Black "Frey Beckman, Kenneth"]
[Result "1/2-1/2"]
[WhiteElo "2232"]
[BlackElo "2188"]
[PlyCount "94"]
[EventDate "2022.12.16"]
[EventType "swiss"]
[EventRounds "9"]
[EventCountry "MEX"]
[SourceTitle "CBM 212 Extra"]
[Source "ChessBase"]
[SourceDate "2023.03.31"]
[SourceVersion "1"]
[SourceVersionDate "2023.03.31"]
[SourceQuality "1"]

1. e4 e5 2. Nf3 Nc6 3. Bb5 Nf6 4. 0-0 Nxe4 5. Re1 Nd6 6. Nxe5 Be7 7. Bf1 Nxe5 8. Rxe5 0-0 9. d4 Bf6 10. Re1 Re8 11. c3 Rxe1 12. Qxe1 Ne8 13. Bf4 d5 14. Bd3 Nd6 15. Bxd6 cxd6 16. Nd2 Be6 17. Qe2 Qd7 18. Re1 Rb8 19. Nf1 b5 20. a3 a5 21. Ne3 b4 22. axb4 axb4 23. f4 bxc3 24. bxc3 Qc6 25. Nd1 Qc8 26. Qf3 Bg4 27. Qxd5 Bxd1 28. Rxd1 Qxc3 29. Qxd6 Rd8 30. Qa6 Qxd4+ 31. Kh1 Qxf4 32. Rf1 Qh4 33. Qc4 Qg5 34. Qe4 g6 35. Bc4 Kg7 36. Qb7 Rf8 37. Qd7 h5 38. Qd5 Qe3 39. Qd7 h4 40. h3 Qg3 41. Rf3 Qe5 42. Rf1 Qc3 43. Qd3 Qb2 44. Qb3 Qe5 45. Qb7 Qd6 46. Bb3 Qd3 47. Qf3 Qxf3 1/2-1/2

[Event "Mexico City Independence Cup 11th"]
[Site "Mexico City"]
[Date "2022.09.18"]
[Round "7"]
[White "Frey Beckman, Kenneth"]
[Black "Medina Calderon, Victor Manuel"]
[Result "1-0"]
[WhiteElo "2219"]
[BlackElo "1960"]
[PlyCount "121"]
[EventDate "2022.09.14"]
[EventType "tourn"]
[EventRounds "7"]
[EventCountry "MEX"]
[SourceTitle "CBM 210 Extra"]
[Source "ChessBase"]
[SourceDate "2022.11.30"]
[SourceVersion "1"]
[SourceVersionDate "2022.11.30"]
[SourceQuality "1"]

1. Nf3 Nf6 2. c4 e6 3. Nc3 b6 4. e4 d6 5. d4 Bb7 6. Bd3 Nbd7 7. 0-0 e5 8. d5 Nc5 9. Bc2 a5 10. a3 Be7 11. Rb1 0-0 12. b4 Ncd7 13. Ba4 Nb8 14. Ne1 c6 15. dxc6 Bxc6 16. Bxc6 Nxc6 17. Nc2 Qd7 18. Ne3 Rfc8 19. Ned5 Nxd5 20. Nxd5 Bd8 21. Be3 axb4 22. axb4 Rcb8 23. Qd3 Qe6 24. Ra1 Rxa1 25. Rd1 Rb1 26. Rxb1 Qd7 27. Ra1 Qc8 28. f3 h6 29. Kf2 Ra8 30. Rxa8 Qxa8 31. b5 Na5 32. Nxb6 Qb8 33. Nd5 Qc8 34. b6 Nb7 35. Qa3 Kh7 36. Qa6 Qc6 37. Qb5 Qxb5 38. cxb5 Kg6 39. Ke2 f5 40. g3 fxe4 41. fxe4 Bg5 42. Bf2 Kf7 43. h4 Bd8 44. h5 g6 45. g4 gxh5 46. gxh5 Bg5 47. Kf3 Ke6 48. Kg4 Na5 49. Be3 Bxe3 50. Nxe3 Nb7 51. Nf5 d5 52. Nxh6 dxe4 53. Nf5 Kf6 54. h6 Kg6 55. Kg3 Nc5 56. Kf2 Nd3+ 57. Ke3 Nc5 58. Nd6 Kxh6 59. b7 Nd7 60. Nf7+ Kg7 61. Nxe5 1-0

[Event "Iberoamerican-ch 8th"]
[Site "Mexico City"]
[Date "2022.02.18"]
[Round "8"]
[White "Frey Beckman, Kenneth"]
[Black "Veiga, Jose Francisco RP"]
[Result "0-1"]
[WhiteElo "2242"]
[BlackElo "2366"]
[PlyCount "68"]
[EventDate "2022.02.12"]
[EventType "swiss"]
[EventRounds "9"]
[EventCountry "MEX"]
[SourceTitle "CBM 206 Extra"]
[Source "ChessBase"]
[SourceDate "2022.03.31"]
[SourceVersion "1"]
[SourceVersionDate "2022.03.31"]
[SourceQuality "1"]

1. Nf3 Nf6 2. c4 g6 3. Nc3 Bg7 4. e4 d6 5. d4 0-0 6. Be2 c5 7. d5 e6 8. 0-0 exd5 9. exd5 Bg4 10. h3 Bxf3 11. Bxf3 Nbd7 12. Bg5 a6 13. Qd2 Re8 14. a4 Qa5 15. Qc2 Qc7 16. a5 Rab8 17. Ra3 Re5 18. Bd2 Rbe8 19. Na4 Ne4 20. Bxe4 Rxe4 21. Rb3 f5 22. Nb6 Nf6 23. Rd3 Nh5 24. b4 Nf4 25. Bxf4 Rxf4 26. Qa4 Rfe4 27. b5 axb5 28. Qxb5 Qe7 29. Nd7 Bd4 30. Rxd4 cxd4 31. c5 d3 32. c6 d2 33. Qb2 bxc6 34. Nf6+ Qxf6 0-1

[Event "Iberoamerican-ch 8th"]
[Site "Mexico City"]
[Date "2022.02.17"]
[Round "7"]
[White "Fernandez Rivero, Karla July"]
[Black "Frey Beckman, Kenneth"]
[Result "0-1"]
[WhiteElo "2025"]
[BlackElo "2242"]
[PlyCount "82"]
[EventDate "2022.02.12"]
[EventType "swiss"]
[EventRounds "9"]
[EventCountry "MEX"]
[SourceTitle "CBM 206 Extra"]
[Source "ChessBase"]
[SourceDate "2022.03.31"]
[SourceVersion "1"]
[SourceVersionDate "2022.03.31"]
[SourceQuality "1"]

1. d4 Nf6 2. c4 e6 3. Nf3 d5 4. g3 Bb4+ 5. Bd2 Be7 6. Qc2 0-0 7. Bg2 c6 8. 0-0 b6 9. b3 a5 10. Rc1 Ba6 11. Bf4 Nh5 12. Bd2 Nd7 13. a4 Nhf6 14. Be1 Rc8 15. Nbd2 c5 16. e3 cxd4 17. exd4 Bb4 18. Qb2 Qe7 19. Bf1 Bb7 20. Bg2 Ba8 21. Nf1 Bxe1 22. Nxe1 e5 23. Ne3 exd4 24. Qxd4 Qc5 25. Qf4 dxc4 26. Bxa8 Rxa8 27. Nd3 cxd3 28. Rxc5 Nxc5 29. Rb1 Rfd8 30. Qf3 Nfe4 31. Qg4 Nc3 32. Rf1 Rd4 33. Qg5 Rad8 34. h4 d2 35. Nd1 h6 36. Qe3 Nxd1 37. Rxd1 Rd3 38. Qe5 Rxb3 39. Qc7 Rbd3 40. Qxb6 Nxa4 41. Qxa5 Nb2 0-1

[Event "Iberoamerican-ch 8th"]
[Site "Mexico City"]
[Date "2022.02.13"]
[Round "3"]
[White "Mareco, Sandro"]
[Black "Frey Beckman, Kenneth"]
[Result "1-0"]
[WhiteElo "2643"]
[BlackElo "2242"]
[PlyCount "107"]
[EventDate "2022.02.12"]
[EventType "swiss"]
[EventRounds "9"]
[EventCountry "MEX"]
[SourceTitle "CBM 206 Extra"]
[Source "ChessBase"]
[SourceDate "2022.03.31"]
[SourceVersion "1"]
[SourceVersionDate "2022.03.31"]
[SourceQuality "1"]

1. d4 d5 2. c4 e6 3. Nc3 Be7 4. Nf3 Nf6 5. Bg5 h6 6. Bf4 0-0 7. e3 c5 8. dxc5 Nc6 9. a3 Bxc5 10. Qc2 Bd6 11. Bxd6 Qxd6 12. 0-0-0 Bd7 13. g4 Rfc8 14. g5 hxg5 15. Nxg5 Ne5 16. Rg1 Be8 17. cxd5 exd5 18. Kb1 Rc7 19. Qb3 Rac8 20. Ka2 Nc4 21. Bh3 Rd8 22. Bg2 Qc5 23. Nge4 Nxe4 24. Bxe4 d4 25. exd4 Rxd4 26. Rxd4 Qxd4 27. Rd1 Nd2 28. Qd5 Qc4+ 29. Qxc4 Nxc4 30. Rd8 Kf8 31. Nb5 Rc5 32. Nxa7 Ke7 33. Rb8 Nd6 34. Bxb7 Bd7 35. Bf3 Rc7 36. Ra8 Be6+ 37. Kb1 Bf5+ 38. Ka2 Be6+ 39. b3 Rc2+ 40. Ka1 Bxb3 41. Nc6+ Kf6 42. Nd4 Ra2+ 43. Kb1 Rxf2 44. a4 Bc4 45. a5 Rxh2 46. a6 Bxa6 47. Rxa6 Ke7 48. Kc1 g6 49. Nc6+ Kf8 50. Ne5 Nf5 51. Ra7 Nh6 52. Kd1 Rb2 53. Be2 Rb6 54. Nd7+ 1-0

[Event "Mexico City Latinoamericano-B 1st"]
[Site "Mexico City"]
[Date "2021.11.06"]
[Round "6"]
[White "Sandoval Mercado, Carlos"]
[Black "Frey Beckman, Kenneth"]
[Result "1-0"]
[WhiteElo "2239"]
[BlackElo "2257"]
[PlyCount "36"]
[EventDate "2021.11.03"]
[EventType "tourn"]
[EventRounds "9"]
[EventCountry "MEX"]
[SourceTitle "CBM 205 Extra"]
[Source "ChessBase"]
[SourceDate "2022.01.31"]
[SourceVersion "1"]
[SourceVersionDate "2022.01.31"]
[SourceQuality "1"]

1. d4 d5 2. c4 e6 3. Nf3 c5 4. cxd5 exd5 5. g3 Nc6 6. Bg2 Nf6 7. 0-0 Be7 8. Nc3 0-0 9. dxc5 Bxc5 10. a3 a5 11. Bf4 Be6 12. Rc1 h6 13. Qd3 d4 14. Nb5 Bb6 15. Nd6 Nd5 16. Nxb7 Nxf4 17. gxf4 Qd7 18. Rxc6 Qxc6 1-0

[Event "Mexico City Latinoamericano-B 1st"]
[Site "Mexico City"]
[Date "2021.11.04"]
[Round "2"]
[White "Barrientos Chavarriaga, Sergio E"]
[Black "Frey Beckman, Kenneth"]
[Result "1-0"]
[WhiteElo "2456"]
[BlackElo "2257"]
[PlyCount "121"]
[EventDate "2021.11.03"]
[EventType "tourn"]
[EventRounds "9"]
[EventCountry "MEX"]
[SourceTitle "CBM 205 Extra"]
[Source "ChessBase"]
[SourceDate "2022.01.31"]
[SourceVersion "1"]
[SourceVersionDate "2022.01.31"]
[SourceQuality "1"]

1. d4 d5 2. c4 e6 3. Nf3 Nf6 4. g3 c5 5. cxd5 exd5 6. Bg2 Nc6 7. 0-0 Be7 8. Nc3 0-0 9. b3 Ne4 10. Bb2 Bf6 11. e3 Bg4 12. Ne2 Qd7 13. Ne5 Bxe5 14. dxe5 Ng5 15. f4 Ne4 16. Bxe4 dxe4 17. Qxd7 Bxd7 18. Nc3 Nb4 19. Nxe4 Bc6 20. Nd6 Nc2 21. Rac1 Nxe3 22. Rfe1 Nd5 23. Rxc5 Nb4 24. Re2 Rfd8 25. Rd2 Na6 26. Rc4 Nc7 27. Rcc2 Nb5 28. Nc4 Be4 29. Rc1 Rxd2 30. Nxd2 Bc6 31. a4 Nc7 32. Nc4 Ne6 33. Na5 Bd5 34. Rd1 Rd8 35. f5 Be4 36. Rc1 Bxf5 37. Nxb7 Rd2 38. Bc3 Rc2 39. Rxc2 Bxc2 40. Na5 Nc5 41. b4 Nxa4 42. Bd4 a6 43. Kf2 Kf8 44. Ke3 Ke7 45. Nc6+ Ke6 46. Nb8 Kd5 47. Nxa6 Kc4 48. g4 Bd1 49. h3 h5 50. gxh5 Bxh5 51. h4 Bg4 52. Nc7 Kxb4 53. Ne8 g6 54. Nd6 Be6 55. Kf4 Kb3 56. Kg5 Kc2 57. Kf6 Kd3 58. Ba7 Nc3 59. Nxf7 Bb3 60. Nd6 Ne4+ 61. Kxg6 1-0

[Event "Mexico City Fenamac-A 3rd"]
[Site "Mexico City"]
[Date "2021.07.22"]
[Round "2"]
[White "Sanchez Enriquez, Oscar Gerardo"]
[Black "Frey Beckman, Kenneth"]
[Result "1-0"]
[WhiteElo "2324"]
[BlackElo "2253"]
[PlyCount "83"]
[EventDate "2021.07.21"]
[EventType "tourn"]
[EventRounds "9"]
[EventCountry "MEX"]
[EventCategory "2"]
[SourceTitle "CBM 203 Extra"]
[Source "ChessBase"]
[SourceDate "2021.09.30"]
[SourceVersion "1"]
[SourceVersionDate "2021.09.30"]
[SourceQuality "1"]

1. d4 d5 2. c4 e6 3. Nc3 Nf6 4. Nf3 Be7 5. g3 0-0 6. Bg2 c5 7. cxd5 exd5 8. 0-0 Nc6 9. dxc5 Bxc5 10. Na4 Be7 11. Be3 Re8 12. Rc1 Bg4 13. Nd4 Qd7 14. Nxc6 bxc6 15. Re1 Bh3 16. Bf3 Ng4 17. Bc5 Bg5 18. Rc3 h5 19. Bd4 h4 20. Nc5 Qd6 21. e4 Ne5 22. Bxe5 Qxe5 23. Bg2 Bxg2 24. Kxg2 Bd8 25. Rf3 Ba5 26. Re2 Qe7 27. Qc2 Bb6 28. b4 Bxc5 29. bxc5 Rad8 30. e5 d4 31. Re4 hxg3 32. hxg3 Rd5 33. Rh4 g6 34. Rhf4 Rxe5 35. Rxf7 Qxf7 36. Rxf7 Kxf7 37. Qa4 Rd5 38. Qxc6 Red8 39. Qb7+ R8d7 40. Qb3 Kf6 41. c6 R7d6 42. Qc4 1-0

[Event "Mexico City Fenamac-B"]
[Site "Mexico City"]
[Date "2021.06.30"]
[Round "1"]
[White "Frey Beckman, Kenneth"]
[Black "Hernandez Jimenez, Alexander Andres"]
[Result "1-0"]
[WhiteElo "2269"]
[BlackElo "2145"]
[PlyCount "127"]
[EventDate "2021.06.30"]
[EventType "tourn"]
[EventRounds "9"]
[EventCountry "MEX"]
[EventCategory "2"]
[SourceTitle "EXT 2022"]
[Source "ChessBase"]
[SourceDate "2021.10.06"]
[SourceVersion "1"]
[SourceVersionDate "2021.10.06"]
[SourceQuality "1"]

1. Nf3 Nf6 2. c4 c6 3. d4 d5 4. Nc3 g6 5. cxd5 cxd5 6. Bf4 Nc6 7. e3 a6 8. Bd3 Bg4 9. h3 Bxf3 10. Qxf3 Bg7 11. Rc1 Rc8 12. 0-0 b5 13. a4 b4 14. Nb1 Qb6 15. a5 Qxa5 16. Qe2 Na7 17. Bxa6 Rxc1 18. Rxc1 0-0 19. Nd2 Qb6 20. Rc7 Ra8 21. Rb7 Qe6 22. Rxb4 Nc6 23. Rb3 Nh5 24. Bc7 Nxd4 25. exd4 Qc6 26. Rb8+ Rxb8 27. Bxb8 Bxd4 28. Nf3 Qc1+ 29. Kh2 Qxb2 30. Qxb2 Bxb2 31. g4 Nf6 32. Be5 Bxe5+ 33. Nxe5 Ne4 34. f3 Nc5 35. Bb5 f6 36. Nd3 Nb3 37. Kg3 Kf7 38. Nf4 Nd4 39. Bd7 e6 40. Kf2 Ke7 41. Bc8 Kd6 42. Ke3 e5 43. Ne2 Nc2+ 44. Kd2 Nb4 45. Kc3 Nc6 46. Bb7 Nd8 47. Ba6 g5 48. Bd3 h6 49. Bf5 Nc6 50. Kd3 Nb4+ 51. Ke3 Kc5 52. Ng3 d4+ 53. Kd2 Kd6 54. Be4 Na6 55. Nf5+ Ke6 56. Nxh6 Nc5 57. Bc2 Kd6 58. Nf5+ Kd7 59. Ng3 Ke7 60. Bf5 Nb3+ 61. Kd3 Na5 62. Be4 Nb3 63. Bd5 Nc5+ 64. Kc4 1-0

[Event "Mexico City Fenamac-A 2nd"]
[Site "Mexico City"]
[Date "2020.03.16"]
[Round "8"]
[White "Leon Archibaldo, Orlando Andres"]
[Black "Frey Beckman, Kenneth"]
[Result "1-0"]
[WhiteElo "2249"]
[BlackElo "2294"]
[PlyCount "75"]
[EventDate "2020.03.12"]
[EventType "tourn"]
[EventRounds "9"]
[EventCountry "MEX"]
[EventCategory "3"]
[SourceTitle "CBM 195 Extra"]
[Source "ChessBase"]
[SourceDate "2020.05.31"]
[SourceVersion "1"]
[SourceVersionDate "2020.05.31"]
[SourceQuality "1"]

1. d4 d5 2. Bf4 Nf6 3. e3 e6 4. Nd2 c5 5. c3 Nc6 6. Ngf3 Bd6 7. Bg3 0-0 8. Bd3 b6 9. Ne5 Bxe5 10. dxe5 Nd7 11. f4 f5 12. Bf2 a5 13. Qf3 Bb7 14. Qh3 c4 15. Bc2 Nc5 16. g4 Nd3+ 17. Bxd3 cxd3 18. Rg1 Qd7 19. Nf3 Ne7 20. Nd4 fxg4 21. Rxg4 Nf5 22. 0-0-0 Nxd4 23. exd4 Qa4 24. Qxd3 Ba6 25. Qg3 Ra7 26. Rg1 Rff7 27. Rg5 Qxa2 28. f5 a4 29. fxe6 Rfc7 30. Qh4 g6 31. R1g3 Rg7 32. Rxg6 Rxg6 33. Qd8+ Kg7 34. Qf6+ Kg8 35. Qd8+ Kg7 36. e7 Rxe7 37. Qxe7+ Kg8 38. e6 1-0

[Event "Mexico City Fenamac-A 2nd"]
[Site "Mexico City"]
[Date "2020.03.15"]
[Round "6"]
[White "Benitez Lozano, Javier"]
[Black "Frey Beckman, Kenneth"]
[Result "1/2-1/2"]
[WhiteElo "2373"]
[BlackElo "2294"]
[PlyCount "123"]
[EventDate "2020.03.12"]
[EventType "tourn"]
[EventRounds "9"]
[EventCountry "MEX"]
[EventCategory "3"]
[SourceTitle "CBM 195 Extra"]
[Source "ChessBase"]
[SourceDate "2020.05.31"]
[SourceVersion "1"]
[SourceVersionDate "2020.05.31"]
[SourceQuality "1"]

1. d4 d5 2. Bf4 Nf6 3. e3 g6 4. Nc3 Bg7 5. h4 c6 6. Be2 Nbd7 7. Nf3 Qb6 8. Rb1 Nf8 9. b4 Ne6 10. Be5 0-0 11. Nd2 h6 12. Bd3 Nh7 13. Bg3 f5 14. Ne2 Nf6 15. Be5 Ng4 16. Bxg7 Nxg7 17. Nf3 Nh5 18. Nf4 Qc7 19. Nxg6 Nxf2 20. Kxf2 Qg3+ 21. Kg1 Qxg6 22. Ne5 Qe8 23. Rh3 Kh8 24. Be2 Nf6 25. Rg3 Rg8 26. Qe1 Ne4 27. Rxg8+ Qxg8 28. Bf3 Nd6 29. Kh2 Be6 30. Qf2 a5 31. a3 axb4 32. axb4 Qg7 33. Rg1 Qf6 34. Qg3 Rg8 35. Qf4 Kh7 36. Rf1 Ra8 37. Bh5 Ra2 38. Rf3 Ne4 39. Bg6+ Kg7 40. Bxf5 Bxf5 41. Qxf5 Qxf5 42. Rxf5 Nf6 43. c4 Rb2 44. cxd5 cxd5 45. Rf3 Rxb4 46. g4 Rb2+ 47. Kh3 b5 48. g5 hxg5 49. hxg5 Ne4 50. Rf7+ Kg8 51. Rxe7 Nxg5+ 52. Kg4 Ne4 53. Kf5 b4 54. Re8+ Kg7 55. Re7+ Kg8 56. Ke6 Re2 57. Ng4 b3 58. Nf6+ Nxf6 59. Kxf6 b2 60. Rb7 Rxe3 61. Rxb2 Re4 62. Rb5 1/2-1/2

[Event "Mexico City Fenamac-A 2nd"]
[Site "Mexico City"]
[Date "2020.03.13"]
[Round "3"]
[White "Corrales Jimenez, Zenia"]
[Black "Frey Beckman, Kenneth"]
[Result "0-1"]
[WhiteElo "2194"]
[BlackElo "2294"]
[PlyCount "144"]
[EventDate "2020.03.12"]
[EventType "tourn"]
[EventRounds "9"]
[EventCountry "MEX"]
[EventCategory "3"]
[SourceTitle "CBM 195 Extra"]
[Source "ChessBase"]
[SourceDate "2020.05.31"]
[SourceVersion "1"]
[SourceVersionDate "2020.05.31"]
[SourceQuality "1"]

1. e4 e5 2. Nf3 Nc6 3. d4 exd4 4. Nxd4 Qf6 5. Nb5 Bc5 6. Qe2 Bb6 7. N1c3 Nge7 8. Be3 Ba5 9. 0-0-0 a6 10. Nd5 Nxd5 11. exd5 Ne7 12. Nd4 0-0 13. Nb3 Bb4 14. a3 Bd6 15. h4 Ng6 16. h5 Nf4 17. Qf3 g6 18. h6 Be5 19. Kb1 d6 20. g3 Nh5 21. Qxf6 Nxf6 22. f4 Ng4 23. Bg1 Bf6 24. Nd4 Re8 25. Nf3 Bf5 26. Bd3 Bxd3 27. Rxd3 Re2 28. Bd4 Rae8 29. Nh2 Rxh2 30. Rxh2 Nxh2 31. Bxf6 Ng4 32. Bd4 Nxh6 33. Rc3 Re7 34. Bf6 Rd7 35. Re3 Kf8 36. Re1 Ng4 37. Bd4 Re7 38. Rh1 h5 39. f5 Re4 40. c3 Nh6 41. fxg6 fxg6 42. Kc2 Nf5 43. Kd3 Rg4 44. Ba7 Nxg3 45. Rh3 Nf5 46. Bb8 h4 47. Bxc7 Ke7 48. Bb6 Rg3+ 49. Rxg3 Nxg3 50. Bf2 Nf5 51. Ke4 Kf6 52. Kf3 g5 53. c4 Nh6 54. Kg2 Ng4 55. Bd4+ Kf5 56. c5 dxc5 57. Bxc5 Nf6 58. d6 g4 59. Bf2 h3+ 60. Kh2 Ke6 61. Bd4 Ne4 62. a4 Kxd6 63. b4 Kd5 64. Bg7 Kc4 65. Bf8 Kb3 66. a5 Kc4 67. Be7 Kd3 68. Bd8 Ke2 69. Bc7 Kf3 70. Bb8 Nd2 71. Bc7 Nf1+ 72. Kg1 g3 0-1

[Event "Mexico City Independencia Cup"]
[Site "Mexico City"]
[Date "2017.09.17"]
[Round "6"]
[White "Frey Beckman, Kenneth"]
[Black "Herrera Ortiz, Miguel"]
[Result "1/2-1/2"]
[WhiteElo "2384"]
[BlackElo "2309"]
[PlyCount "76"]
[EventDate "2017.09.14"]
[EventType "swiss"]
[EventRounds "7"]
[EventCountry "MEX"]
[SourceTitle "CBM 180 Extra"]
[Source "ChessBase"]
[SourceDate "2017.10.06"]
[SourceVersion "1"]
[SourceVersionDate "2017.10.06"]
[SourceQuality "1"]

1. Nf3 e6 2. c4 d5 3. e3 Nf6 4. Nc3 Be7 5. b3 b6 6. Bb2 Bb7 7. d4 0-0 8. Bd3 c5 9. 0-0 Nc6 10. Qe2 cxd4 11. exd4 dxc4 12. bxc4 Nb4 13. Bb1 Bxf3 14. gxf3 Re8 15. Rd1 Qc7 16. a3 Nc6 17. d5 exd5 18. Nxd5 Qc8 19. Qd3 Qh3 20. Bc2 Nxd5 21. cxd5 Na5 22. d6 Bg5 23. d7 Red8 24. Qe4 Nb7 25. f4 Nc5 26. Qxh7+ Qxh7 27. Bxh7+ Kxh7 28. fxg5 Rxd7 29. Rxd7 Nxd7 30. Re1 Nc5 31. Re7 Kg6 32. Bd4 Ne6 33. Be3 Nxg5 34. Bxg5 Kxg5 35. Rxf7 g6 36. Rb7 Rc8 37. Rxa7 Rc3 38. Kg2 Rb3 1/2-1/2

[Event "MEX-ch op 52nd "]
[Site "Mexico City"]
[Date "2006.04.15"]
[Round "8"]
[White "Torres Lopez, Jose Martin"]
[Black "Frey Beckman, Kenneth"]
[Result "0-1"]
[WhiteElo "2150"]
[BlackElo "2393"]
[PlyCount "62"]
[EventDate "2006.04.11"]
[EventType "swiss"]
[EventRounds "9"]
[EventCountry "MEX"]
[SourceTitle "EXT 2007"]
[Source "ChessBase"]
[SourceDate "2006.11.23"]
[SourceVersion "1"]
[SourceVersionDate "2006.11.23"]
[SourceQuality "1"]

1. e4 e5 2. Nf3 Nc6 3. Bc4 Bc5 4. c3 d6 5. d4 exd4 6. cxd4 Bb6 7. h3 Nf6 8. Nc3 0-0 9. 0-0 Nxe4 10. Nxe4 d5 11. Bg5 f6 12. Bb3 fxg5 13. Nexg5 Nxd4 14. Nxd4 Qxg5 15. Nf3 Qh5 16. Qxd5+ Qxd5 17. Bxd5+ Kh8 18. Ne5 g6 19. Nc4 Bc5 20. a3 c6 21. Be4 Rf4 22. Bd3 Be6 23. Ne3 Raf8 24. Rae1 Rd4 25. Be2 Rd2 26. b4 Bb6 27. Bg4 Bb3 28. Re2 Rxe2 29. Bxe2 Bxe3 30. fxe3 Rxf1+ 31. Kxf1 Kg7 0-1

[Event "MEX-ch op 52nd "]
[Site "Mexico City"]
[Date "2006.04.14"]
[Round "5"]
[White "Frey Beckman, Kenneth"]
[Black "Alba Martinez, Jose Fernando"]
[Result "1-0"]
[WhiteElo "2393"]
[BlackElo "2130"]
[PlyCount "93"]
[EventDate "2006.04.11"]
[EventType "swiss"]
[EventRounds "9"]
[EventCountry "MEX"]
[SourceTitle "EXT 2007"]
[Source "ChessBase"]
[SourceDate "2006.11.23"]
[SourceVersion "1"]
[SourceVersionDate "2006.11.23"]
[SourceQuality "1"]

1. d4 Nf6 2. c4 e6 3. Nc3 Bb4 4. Qc2 c5 5. dxc5 Nc6 6. a3 Bxc5 7. b4 Be7 8. Nf3 b6 9. Bb2 Bb7 10. Rd1 0-0 11. e4 Qb8 12. Bd3 d6 13. 0-0 h6 14. Rfe1 Ng4 15. Bf1 Nge5 16. Nd4 Ng6 17. Nde2 Nce5 18. Ng3 Rc8 19. Qb3 a6 20. Nh5 Qc7 21. Na4 Bf8 22. Rc1 Nd7 23. Qc3 e5 24. Qb3 Qd8 25. Nc3 Qg5 26. Ng3 Nf4 27. Nd5 h5 28. Kh1 Bxd5 29. cxd5 Nf6 30. Qf3 b5 31. Rc6 Rcb8 32. Bc1 Qg4 33. Qxg4 hxg4 34. Nf5 Rd8 35. g3 N4h5 36. Bd3 g6 37. Ne3 Bh6 38. Bd2 Ne8 39. Rec1 Nhf6 40. Kg2 Kf8 41. Kf1 Bxe3 42. Bxe3 Kg7 43. Ke2 Nd7 44. Kd2 a5 45. Bxb5 axb4 46. axb4 f5 47. Rc7 1-0

[Event "Frantisek Batik mem corr"]
[Site "Czechia"]
[Date "2003.10.15"]
[Round "?"]
[White "Chytilek, Roman"]
[Black "Frey Beckman, Kenneth"]
[Result "1-0"]
[WhiteElo "2598"]
[BlackElo "2693"]
[PlyCount "79"]
[EventDate "2003.12.26"]
[EventType "tourn (corr)"]
[EventRounds "14"]
[EventCountry "CZE"]
[SourceTitle "Corr 2006"]
[Source "ChessBase"]
[SourceDate "2006.04.01"]
[SourceVersion "3"]
[SourceVersionDate "2006.04.01"]
[SourceQuality "1"]

1. d4 d5 2. c4 e6 3. Nc3 Be7 4. cxd5 exd5 5. Bf4 Nf6 6. e3 Bf5 7. Nge2 0-0 8. Rc1 c6 9. Ng3 Be6 10. Bd3 Nbd7 11. 0-0 Re8 12. Qb3 b5 13. Nf5 Bxf5 14. Bxf5 g6 15. Bh3 a5 16. Ne2 a4 17. Qd3 Qb6 18. Rc2 b4 19. Bxd7 Nxd7 20. Rfc1 Rac8 21. b3 axb3 22. axb3 Nf8 23. Bg3 Ne6 24. Nf4 Nxf4 25. Bxf4 Qb7 26. h3 Qb6 27. Qd1 Qb7 28. Qf3 Qa6 29. Be5 Bd8 30. h4 Bxh4 31. Qg4 Be7 32. Qd7 Qa3 33. Rxc6 Qxc1+ 34. Rxc1 Rxc1+ 35. Kh2 Rcc8 36. Qxd5 Bf8 37. Qb5 Re6 38. f4 Ra8 39. d5 Rea6 40. e4 1-0

[Event "Frantisek Batik mem corr"]
[Site "Czechia"]
[Date "2003.10.15"]
[Round "?"]
[White "Neumann, Joachim"]
[Black "Frey Beckman, Kenneth"]
[Result "1-0"]
[WhiteElo "2667"]
[BlackElo "2693"]
[PlyCount "65"]
[EventDate "2003.12.26"]
[EventType "tourn (corr)"]
[EventRounds "14"]
[EventCountry "CZE"]
[SourceTitle "Corr 2006"]
[Source "ChessBase"]
[SourceDate "2006.04.01"]
[SourceVersion "3"]
[SourceVersionDate "2006.04.01"]
[SourceQuality "1"]

1. e4 e5 2. Nf3 Nc6 3. Bb5 a6 4. Ba4 Nf6 5. 0-0 Be7 6. Re1 b5 7. Bb3 d6 8. c3 0-0 9. h3 Re8 10. d4 Bb7 11. Nbd2 Bf8 12. d5 Nb8 13. Nf1 Nbd7 14. N3h2 Nc5 15. Bc2 c6 16. b4 Ncd7 17. dxc6 Bxc6 18. Bg5 h6 19. Bxf6 Nxf6 20. Ng4 Nxg4 21. Qxg4 a5 22. Ne3 axb4 23. cxb4 Qg5 24. Qxg5 hxg5 25. Rec1 Rec8 26. Bd3 g6 27. a3 Kg7 28. Rc3 Bd7 29. Rac1 Rcb8 30. Nd5 Kh6 31. f3 Bg7 32. Kf2 Ra6 33. g4 1-0